[Event "Aut_chT_0910"]
[Site "Baden"]
[Date "2009.11.07"]
[Round "2"]
[Board "3"]
[White "Baklan, Vladimir"]
[Black "Platzgummer, Fabian"]
[Result "1-0"]
[WhiteElo "2644"]
[BlackElo "2401"]
[PlyCount "65"]
[EventDate "2009.11.06"]
[EventType "team"]
[EventRounds "11"]
[EventCountry "AUT"]
[WhiteTeam "Holz Dohr"]
[BlackTeam "Mayrhofen/Zillertal"]

1.e4 e6 2.d4 d5 3.Nc3 dxe4 4.Nxe4 Nd7 5.g3 Be7 6.Bg2 Ngf6 7.Nxf6+ Bxf6 8.Nf3 O-O
9.O-O e5 10.c3 exd4 11.Nxd4 Nb6 12.Nb5 a6 13.Qxd8 Bxd8 14.Nd4 Bf6 15.Bf4 Bxd4
16.Bxc7 Be6 17.cxd4 Nd5 18.Rfc1 Rac8 19.Ba5 b6 20.Bd2 Rfd8 21.a3 Kf8 22.b4 Ne7
23.Be3 Bc4 24.a4 Nd5 25.Bd2 Ne7 26.Bh3 Rc6 27.Be3 Nd5 28.Bf1 Rdc8 29.b5 axb5
30.axb5 R6c7 31.Bh3 Re8 32.Bg2 Nxe3 33.fxe3

[Event "Aut_chT_0910"]
[Site "Baden"]
[Date "2009.11.07"]
[Round "2"]
[Board "4"]
[White "Gross, David"]
[Black "Bischoff, Klaus"]
[Result "1/2-1/2"]
[WhiteElo "2465"]
[BlackElo "2569"]
[PlyCount "60"]
[EventDate "2009.11.06"]
[EventType "team"]
[EventRounds "11"]
[EventCountry "AUT"]
[WhiteTeam "Mayrhofen/Zillertal"]
[BlackTeam "Holz Dohr"]

1.e4 c5 2.Nf3 d6 3.d4 Nf6 4.Nc3 cxd4 5.Nxd4 a6 6.Be2 e5 7.Nb3 Be7 8.O-O O-O
9.Re1 Be6 10.Bf3 Qc7 11.a4 Rc8 12.Be3 Nbd7 13.a5 h6 14.h3 b5 15.axb6 Nxb6 16.Na5
Nbd7 17.Ra4 Qb8 18.Qa1 Bd8 19.Be2 Nc5 20.Bxc5 Rxc5 21.Nc4 a5 22.Rd1 Bc7 23.Ne3
Bd7 24.Rc4 Bb6 25.Ned5 Nxd5 26.Nxd5 Rxc4 27.Bxc4 Bc5 28.Rd3 Be6 29.Qa2 Ra7 30.b3
Qd8

[Event "Aut_chT_0910"]
[Site "Baden"]
[Date "2009.11.07"]
[Round "2"]
[Board "5"]
[White "Freitag, Manfred"]
[Black "Hausner, Ivan"]
[Result "1/2-1/2"]
[WhiteElo "2387"]
[BlackElo "2460"]
[PlyCount "63"]
[EventDate "2009.11.06"]
[EventType "team"]
[EventRounds "11"]
[EventCountry "AUT"]
[WhiteTeam "Holz Dohr"]
[BlackTeam "Mayrhofen/Zillertal"]

1.d4 e6 2.c4 Bb4+ 3.Bd2 a5 4.Nf3 Nf6 5.g3 d6 6.Bg2 Nbd7 7.O-O Bxd2 8.Qxd2 e5
9.Nc3 O-O 10.Rad1 Re8 11.e3 c6 12.d5 c5 13.e4 a4 14.Qc2 Nb6 15.Nd2 h5 16.Rde1 h4
17.Nb5 Ra5 18.Qc3 Ra6 19.f4 hxg3 20.hxg3 Ng4 21.Nf3 Nd7 22.Ng5 Ndf6 23.Qf3 Bd7
24.Bh3 Rb6 25.Re2 Nh6 26.Bxd7 Qxd7 27.Kg2 Qe7 28.Rfe1 Nfg4 29.Rh1 Nf6 30.Rhe1
Nfg4 31.Rh1 Nf6 32.Rhe1

[Event "Aut_chT_0910"]
[Site "Baden"]
[Date "2009.11.07"]
[Round "2"]
[Board "6"]
[White "Schiestl, Josef"]
[Black "Karner, Christoph"]
[Result "1/2-1/2"]
[WhiteElo "2118"]
[BlackElo "2384"]
[PlyCount "81"]
[EventDate "2009.11.06"]
[EventType "team"]
[EventRounds "11"]
[EventCountry "AUT"]
[WhiteTeam "Mayrhofen/Zillertal"]
[BlackTeam "Holz Dohr"]

1.e4 c6 2.d4 d5 3.e5 c5 4.dxc5 Nc6 5.Bb5 e6 6.Be3 Bd7 7.Bxc6 Bxc6 8.Nf3 Ne7
9.Nd4 Qc7 10.f4 g5 11.Qh5 Bd7 12.O-O gxf4 13.Nc3 Ng6 14.Bxf4 Qxc5 15.Be3 Qb4
16.Nb3 Qh4 17.Qxh4 Nxh4 18.Rf2 Bg7 19.Bd4 Nf5 20.Re1 Nxd4 21.Nxd4 a6 22.Nf3 O-O
23.Ne2 Rfc8 24.Ned4 h6 25.c3 b5 26.a3 a5 27.Nc2 Rc4 28.Nd2 Rc7 29.Rf4 Rb8 30.Re3
Bf8 31.Rg3+ Kh8 32.Rxf7 b4 33.axb4 axb4 34.Nxb4 Bc5+ 35.Kh1 Bxb4 36.cxb4 Rc1+
37.Nf1 Rxb4 38.Rf8+ Kh7 39.Rf7+ Kh8 40.Rf8+ Kh7 41.Rf7+

[Event "Aut_chT_0910"]
[Site "Baden"]
[Date "2009.11.07"]
[Round "2"]
[Board "2"]
[White "Socko, Bartosz"]
[Black "Pavasovic, Dusko"]
[Result "1-0"]
[WhiteElo "2643"]
[BlackElo "2574"]
[PlyCount "59"]
[EventDate "2009.11.06"]
[EventType "team"]
[EventRounds "11"]
[EventCountry "AUT"]
[WhiteTeam "SK Advisory Invest Baden"]
[BlackTeam "SK Kl.Ztg.MPOE Maria Saal"]

1.e4 e5 2.Nf3 Nc6 3.Bc4 Nf6 4.Ng5 d5 5.exd5 Na5 6.Bb5+ c6 7.dxc6 bxc6 8.Be2 h6
9.Nh3 Bc5 10.d3 O-O 11.O-O Bxh3 12.gxh3 Qd7 13.Kg2 Nd5 14.Nc3 Rad8 15.Nxd5 cxd5
16.f4 f6 17.c3 Nc6 18.Qa4 Qb7 19.Qb3 Qd7 20.Qa4 Qd6 21.Bd2 d4 22.b4 Bb6 23.c4
Bc7 24.c5 Qe6 25.f5 Qe8 26.Bf3 Ne7 27.Qxe8 Rfxe8 28.Be4 Nd5 29.Bxd5+ Rxd5 30.Kf3

[Event "Aut_chT_0910"]
[Site "Baden"]
[Date "2009.11.07"]
[Round "2"]
[Board "3"]
[White "Buhmann, Rainer"]
[Black "Balogh, Csaba"]
[Result "1/2-1/2"]
[WhiteElo "2591"]
[BlackElo "2619"]
[PlyCount "78"]
[EventDate "2009.11.06"]
[EventType "team"]
[EventRounds "11"]
[EventCountry "AUT"]
[WhiteTeam "SK Kl.Ztg.MPOE Maria Saal"]
[BlackTeam "SK Advisory Invest Baden"]

1.c4 e5 2.g3 Nf6 3.Bg2 h6 4.Nc3 Bb4 5.e4 Nc6 6.Nge2 Bc5 7.O-O d6 8.a3 a6 9.h3
O-O 10.Kh2 Re8 11.d3 Nd4 12.f4 c6 13.b4 Ba7 14.f5 b5 15.Ra2 bxc4 16.dxc4 a5
17.b5 Bb7 18.bxc6 Bxc6 19.g4 Rb8 20.Rd2 Nxe2 21.Qxe2 Rb3 22.Rd3 Bd4 23.Nd5 Rxd3
24.Nxf6+ Qxf6 25.Qxd3 Qh4 26.Bd2 Rb8 27.Be1 Qd8 28.f6 Rb2 29.fxg7 Qa8 30.Qf3 Qb7
31.Bf2 Rxf2 32.Rxf2 Bxf2 33.Qxf2 Kxg7 34.Qd2 Bxe4 35.Bxe4 Qxe4 36.Qxd6 Qe2+
37.Kg3 Qe3+ 38.Kg2 Qe2+ 39.Kg3 Qe3+

[Event "Aut_chT_0910"]
[Site "Baden"]
[Date "2009.11.07"]
[Round "2"]
[Board "4"]
[White "Shengelia, Davit"]
[Black "Tratar, Marko"]
[Result "1-0"]
[WhiteElo "2566"]
[BlackElo "2493"]
[PlyCount "71"]
[EventDate "2009.11.06"]
[EventType "team"]
[EventRounds "11"]
[EventCountry "AUT"]
[WhiteTeam "SK Advisory Invest Baden"]
[BlackTeam "SK Kl.Ztg.MPOE Maria Saal"]

1.Nf3 Nf6 2.d4 e6 3.e3 b6 4.Bd3 Bb7 5.O-O Be7 6.c4 O-O 7.Nc3 d5 8.cxd5 exd5 9.b3
Nbd7 10.Bb2 Re8 11.Rc1 a6 12.Ne2 Bd6 13.Ng3 g6 14.Qc2 Rc8 15.Qe2 b5 16.a4 c6
17.Rfd1 Qe7 18.Nd2 Nb6 19.Ra1 h5 20.Re1 Nbd7 21.f3 Qf8 22.e4 dxe4 23.fxe4 Nd5
24.Qf3 Nb4 25.e5 Nxd3 26.Qxd3 Bb4 27.Nge4 c5 28.d5 c4 29.bxc4 bxc4 30.Nxc4 Bxe1
31.e6 fxe6 32.Rxe1 Rxc4 33.Qxc4 exd5 34.Qc3 Qh6 35.Nd6 Rb8 36.Nxb7

[Event "Aut_chT_0910"]
[Site "Baden"]
[Date "2009.11.07"]
[Round "2"]
[Board "5"]
[White "Kreisl, Robert"]
[Black "Baumegger, Siegfried"]
[Result "1/2-1/2"]
[WhiteElo "2389"]
[BlackElo "2442"]
[PlyCount "68"]
[EventDate "2009.11.06"]
[EventType "team"]
[EventRounds "11"]
[EventCountry "AUT"]
[WhiteTeam "SK Kl.Ztg.MPOE Maria Saal"]
[BlackTeam "SK Advisory Invest Baden"]

1.e4 e5 2.Nf3 Nc6 3.Bb5 Nf6 4.O-O Bc5 5.Nxe5 Nxe4 6.Qe2 Nxe5 7.d4 Be7 8.dxe5 Nc5
9.Nc3 O-O 10.Be3 c6 11.Bc4 d5 12.exd6 Qxd6 13.Rad1 Qg6 14.b4 Ne4 15.Nxe4 Qxe4
16.Rd4 Qg6 17.Bd3 Bf5 18.Bxf5 Qxf5 19.Rfd1 Qe6 20.Qc4 Qxc4 21.Rxc4 Rfd8 22.Rcd4
Rxd4 23.Rxd4 a6 24.Kf1 Rd8 25.Re4 Kf8 26.Ke2 f6 27.g4 Kf7 28.h3 g6 29.a3 f5
30.Rxe7+ Kxe7 31.Bg5+ Kd7 32.Bxd8 Kxd8 33.g5 Kd7 34.Kd3 Kd6

[Event "Aut_chT_0910"]
[Site "Baden"]
[Date "2009.11.07"]
[Round "2"]
[Board "2"]
[White "Mihok, Oliver"]
[Black "Roiz, Michael"]
[Result "0-1"]
[WhiteElo "2403"]
[BlackElo "2652"]
[PlyCount "136"]
[EventDate "2009.11.06"]
[EventType "team"]
[EventRounds "11"]
[EventCountry "AUT"]
[WhiteTeam "Husek Wien"]
[BlackTeam "SK Sparkasse Fuerstenfeld"]

1.e4 c5 2.Nf3 a6 3.c3 e6 4.d4 d5 5.exd5 exd5 6.Be3 cxd4 7.Nxd4 Bd6 8.g3 Nf6
9.Bg2 O-O 10.O-O Nc6 11.Bg5 Bc5 12.Nb3 Ba7 13.N1d2 Be6 14.Nf3 h6 15.Bf4 Re8
16.Nfd4 Bg4 17.f3 Bd7 18.Re1 a5 19.Rxe8+ Qxe8 20.a4 Ne5 21.Nxa5 Ng6 22.Bd2 Bb6
23.b4 Bxd4+ 24.cxd4 b6 25.Nb3 Rxa4 26.Qe1 Rxa1 27.Qxa1 Bb5 28.Bf1 Bxf1 29.Qxf1
Qa4 30.Qd3 Ne8 31.Nc1 Nd6 32.Qb3 Qa8 33.Na2 Nb5 34.Be3 Nf8 35.Kf2 Qc6 36.Nc1 Ne6
37.Ne2 Qa8 38.h4 h5 39.Kg2 Qc6 40.Kf2 Qa8 41.Qd3 Qa4 42.Nc3 Nxc3 43.Qxc3 Qa2+
44.Kg1 Qa8 45.Bg5 b5 46.Be7 Qa2 47.Bc5 Qe2 48.Qb3 Qe1+ 49.Kg2 Qd2+ 50.Kh3 Qe1
51.Kg2 Qd2+ 52.Kh3 Nxd4 53.Qxd5 Qd1 54.g4 Qf1+ 55.Kg3 Ne2+ 56.Kh2 Qe1 57.Qe5
hxg4 58.h5 Qh4+ 59.Kg2 Qh3+ 60.Kf2 Qxf3+ 61.Ke1 Nf4 62.Qe8+ Kh7 63.h6 Kxh6
64.Qxb5 g3 65.Qa6+ f6 66.Bf8 Qc3+ 67.Kd1 g2 68.Qa7 g1=Q+

[Event "Aut_chT_0910"]
[Site "Baden"]
[Date "2009.11.07"]
[Round "2"]
[Board "3"]
[White "Mikhalevski, Victor"]
[Black "Binder, Michael"]
[Result "1-0"]
[WhiteElo "2611"]
[BlackElo "2208"]
[PlyCount "51"]
[EventDate "2009.11.06"]
[EventType "team"]
[EventRounds "11"]
[EventCountry "AUT"]
[WhiteTeam "SK Sparkasse Fuerstenfeld"]
[BlackTeam "Husek Wien"]

1.d4 Nf6 2.c4 c5 3.d5 b5 4.Nf3 Bb7 5.Qc2 bxc4 6.e4 g6 7.Bxc4 d6 8.Nc3 Bg7 9.O-O
O-O 10.h3 Ba6 11.Nd2 Nfd7 12.a4 Ne5 13.Bb5 g5 14.b3 Qc8 15.Nc4 Nxc4 16.bxc4 g4
17.hxg4 Qxg4 18.Ra3 Kh8 19.Ne2 Be5 20.f4 Bg7 21.Rg3 Qh5 22.Rh3 Qg6 23.f5 Qf6
24.e5 dxe5 25.Ng3 e4 26.Nxe4

[Event "Aut_chT_0910"]
[Site "Baden"]
[Date "2009.11.07"]
[Round "2"]
[Board "4"]
[White "Reinwald, Patrick"]
[Black "Schenk, Andreas"]
[Result "0-1"]
[WhiteElo "2096"]
[BlackElo "2506"]
[PlyCount "164"]
[EventDate "2009.11.06"]
[EventType "team"]
[EventRounds "11"]
[EventCountry "AUT"]
[WhiteTeam "Husek Wien"]
[BlackTeam "SK Sparkasse Fuerstenfeld"]

1.e4 c5 2.d4 cxd4 3.c3 dxc3 4.Nxc3 d6 5.Bc4 Nc6 6.Nf3 a6 7.O-O Nf6 8.Bf4 Bg4
9.h3 Bxf3 10.Qxf3 e6 11.Rfd1 Qb8 12.Be2 Be7 13.Qg3 O-O 14.Bxd6 Bxd6 15.Qxd6 Qa7
16.Qg3 Rfd8 17.Rxd8+ Rxd8 18.Rd1 Qb6 19.Rxd8+ Qxd8 20.Qe3 Qa5 21.Bf3 Nd7 22.a3
h6 23.Be2 Kf8 24.Qd2 Ke8 25.f4 Qc5+ 26.Kh2 g5 27.b4 Qf2 28.fxg5 Nd4 29.Qd3 hxg5
30.Qg3 Qf6 31.Qd6 Nc2 32.Na4 Qf2 33.Bf3 Ne1 34.Qg3 Qe3 35.Nc5 Nxc5 36.bxc5 Nxf3+
37.gxf3 Kf8 38.Qb8+ Kg7 39.Qxb7 Qf2+ 40.Kh1 Qxf3+ 41.Kh2 Qf2+ 42.Kh1 Qxc5
43.Qxa6 Qe3 44.Qa4 Qxh3+ 45.Kg1 Qe3+ 46.Kg2 g4 47.e5 Qe2+ 48.Kg3 Qf3+ 49.Kh2
Qh3+ 50.Kg1 Qg3+ 51.Kh1 Qf3+ 52.Kh2 Kh6 53.Qd4 Kg6 54.a4 Kf5 55.a5 Qh3+ 56.Kg1
Qg3+ 57.Kh1 Qe1+ 58.Kg2 Qxa5 59.Qf2+ Kxe5 60.Qxf7 Qd5+ 61.Kh2 Ke4 62.Qh7+ Ke3
63.Qa7+ Kf4 64.Qf2+ Kg5 65.Qe3+ Kg6 66.Qf4 Qf3 67.Qb4 e5 68.Qb6+ Kf5 69.Qb1+ Kg5
70.Qb8 Qe2+ 71.Kg3 Qe1+ 72.Kg2 Qe4+ 73.Kg3 Qf3+ 74.Kh2 Kf4 75.Qb4+ Qe4 76.Qf8+
Ke3 77.Qa3+ Kf2 78.Qg3+ Ke2 79.Qf2+ Kd1 80.Kg3 Qd4 81.Qf5 Kd2 82.Qf1 Qd3+

[Event "Aut_chT_0910"]
[Site "Baden"]
[Date "2009.11.07"]
[Round "2"]
[Board "5"]
[White "Wach, Markus"]
[Black "Zojer, Stefan"]
[Result "1/2-1/2"]
[WhiteElo "2381"]
[BlackElo "2043"]
[PlyCount "121"]
[EventDate "2009.11.06"]
[EventType "team"]
[EventRounds "11"]
[EventCountry "AUT"]
[WhiteTeam "SK Sparkasse Fuerstenfeld"]
[BlackTeam "Husek Wien"]

1.e4 c5 2.c3 d5 3.exd5 Nf6 4.d4 cxd4 5.cxd4 Nxd5 6.Nc3 e6 7.Bc4 Be7 8.Nf3 O-O
9.O-O Bf6 10.Ne4 Nd7 11.Nxf6+ N7xf6 12.Bg5 Qb6 13.Qe2 Rd8 14.Rad1 Bd7 15.Ne5 Be8
16.Ng4 Rac8 17.Bxd5 Bb5 18.Qf3 Nxg4 19.Bxd8 Rxd8 20.Rfe1 Nxh2 21.Kxh2 Rxd5
22.Re5 Qd6 23.Qg3 h6 24.Rxd5 Qxd5 25.Qe5 Bc6 26.Qxd5 Bxd5 27.b3 Kf8 28.Kg3 Ke7
29.f3 Kf6 30.Rc1 Bc6 31.Rc5 Kg6 32.Kf4 Kf6 33.b4 a6 34.Ra5 Bd5 35.a3 Bc6 36.Rc5
Bb5 37.d5 exd5 38.Rxd5 Bc6 39.Rc5 Ke6 40.Ke3 Kd6 41.Rh5 Bd7 42.Kd4 Bc6 43.Rc5 g6
44.Ke3 h5 45.Kf4 f6 46.g3 Ke6 47.Ke3 Kd6 48.f4 Bd7 49.Kd4 Bc6 50.Rc2 Bd7 51.Rh2
Be8 52.Kc3 Bd7 53.Rd2+ Ke6 54.Kc4 Bc6 55.Kd4 Kf5 56.Ke3 g5 57.Rd4 h4 58.fxg5
hxg3 59.gxf6 Kxf6 60.Rg4 g2 61.a4

[Event "Aut_chT_0910"]
[Site "Baden"]
[Date "2009.11.07"]
[Round "2"]
[Board "1"]
[White "Lipka, Juraj"]
[Black "Bezold, Michael"]
[Result "1-0"]
[WhiteElo "2409"]
[BlackElo "2517"]
[PlyCount "73"]
[EventDate "2009.11.06"]
[EventType "team"]
[EventRounds "11"]
[EventCountry "AUT"]
[WhiteTeam "ASVOE Pamhagen"]
[BlackTeam "SK Hohenems"]

1.Nf3 d6 2.d4 Nf6 3.c4 Nbd7 4.Nc3 e5 5.e4 Be7 6.Be2 O-O 7.O-O c6 8.Be3 Ng4 9.Bd2
a5 10.Rb1 Re8 11.d5 Nc5 12.h3 Nf6 13.Qc2 cxd5 14.cxd5 Bd7 15.Be3 Qc7 16.Rfc1
Rec8 17.Nd2 Qb8 18.Qd1 a4 19.Qf1 Bd8 20.Bb5 Bxb5 21.Qxb5 Ra5 22.Qe2 h6 23.f3 Nh5
24.Nc4 Ra6 25.Nb5 Nf4 26.Qd2 Be7 27.Rc3 Rf8 28.Kh2 f5 29.Ncxd6 Bxd6 30.Nxd6 Rxd6
31.Bxc5 Rg6 32.g3 Qd8 33.gxf4 Qh4 34.Bf2 Qh5 35.Rg1 fxe4 36.d6 exf4 37.fxe4

[Event "Aut_chT_0910"]
[Site "Baden"]
[Date "2009.11.07"]
[Round "2"]
[Board "2"]
[White "Atlas, Valery"]
[Black "Kuthan, Andreas"]
[Result "1-0"]
[WhiteElo "2423"]
[BlackElo "2220"]
[PlyCount "97"]
[EventDate "2009.11.06"]
[EventType "team"]
[EventRounds "11"]
[EventCountry "AUT"]
[WhiteTeam "SK Hohenems"]
[BlackTeam "ASVOE Pamhagen"]

1.e4 e6 2.d4 d5 3.Nc3 Bb4 4.e5 c5 5.a3 Bxc3+ 6.bxc3 Ne7 7.Qg4 O-O 8.Bd3 Nbc6
9.Bg5 Qa5 10.Ne2 Ng6 11.O-O Qa4 12.f4 c4 13.Bxg6 fxg6 14.Ra2 Bd7 15.h4 Rf5
16.Ng3 Qa5 17.Nxf5 gxf5 18.Qg3 Be8 19.h5 Bxh5 20.Kf2 Bg6 21.Rh1 Rf8 22.Qe3 Qa4
23.Qc1 Rf7 24.Ra1 Rd7 25.Qb2 Rf7 26.Rae1 Rd7 27.Re3 Rf7 28.Rg3 Rd7 29.Qc1 Kf7
30.Rh2 Rc7 31.Ke2 Rc8 32.Kd2 Qa5 33.Qh1 Rh8 34.Bf6 Qxa3 35.Bxg7 Kxg7 36.Rxg6+
Kxg6 37.Rh6+ Kf7 38.Qh5+ Ke7 39.Qg5+ Ke8 40.Rxe6+ Ne7 41.Qxf5 Rf8 42.Qg5 Rf7
43.f5 b5 44.f6 Kd7 45.Rd6+ Ke8 46.fxe7 Rf2+ 47.Ke1 Qxc3+ 48.Kxf2 Qxd4+ 49.Kg3

[Event "Aut_chT_0910"]
[Site "Baden"]
[Date "2009.11.07"]
[Round "2"]
[Board "3"]
[White "Maslik, Miroslav"]
[Black "Novkovic, Milan"]
[Result "1-0"]
[WhiteElo "2377"]
[BlackElo "2396"]
[PlyCount "91"]
[EventDate "2009.11.06"]
[EventType "team"]
[EventRounds "11"]
[EventCountry "AUT"]
[WhiteTeam "ASVOE Pamhagen"]
[BlackTeam "SK Hohenems"]

1.d4 Nf6 2.c4 e6 3.Nf3 b6 4.g3 Bb7 5.Bg2 Be7 6.Nc3 Ne4 7.Bd2 Bf6 8.Rc1 d6 9.O-O
Nd7 10.d5 Nxc3 11.Bxc3 Bxc3 12.Rxc3 e5 13.Nd2 O-O 14.e4 Bc8 15.Bh3 a5 16.f4 exf4
17.gxf4 Qf6 18.Bxd7 Bxd7 19.Kh1 Qd4 20.f5 Rfe8 21.Qc2 Kh8 22.Rd3 Qf6 23.Rg3 Re7
24.b3 Rae8 25.Qd3 Rb8 26.Rg2 Rbe8 27.Qf3 Rg8 28.Qh5 c6 29.Rfg1 cxd5 30.cxd5 Bb5
31.Rg3 Rc7 32.a4 Be8 33.Nc4 Rxc4 34.bxc4 Bxa4 35.Qe2 Bd7 36.Qe3 Qe5 37.Rh3 Rc8
38.Rhg3 g6 39.fxg6 fxg6 40.Rf3 Kg7 41.Rgf1 Be8 42.Qxb6 Rc5 43.Qb7+ Kh6 44.Rh3+
Kg5 45.Rg1+ Kf4 46.Rh4+

[Event "Aut_chT_0910"]
[Site "Baden"]
[Date "2009.11.07"]
[Round "2"]
[Board "4"]
[White "Baldauf, Marco"]
[Black "Vitouch, Anatol"]
[Result "1-0"]
[WhiteElo "2373"]
[BlackElo "2288"]
[PlyCount "123"]
[EventDate "2009.11.06"]
[EventType "team"]
[EventRounds "11"]
[EventCountry "AUT"]
[WhiteTeam "SK Hohenems"]
[BlackTeam "ASVOE Pamhagen"]

1.e4 Nc6 2.Nf3 Nf6 3.e5 Ng4 4.d4 d6 5.h3 Nh6 6.Nc3 a6 7.g4 d5 8.Bg2 Ng8 9.Be3 e6
10.Nh2 Nge7 11.f4 Ng6 12.Qd2 Nh4 13.O-O-O Na5 14.Bf1 b5 15.f5 Be7 16.Bd3 Nc4
17.Bxc4 bxc4 18.f6 gxf6 19.exf6 Bxf6 20.Rhf1 Be7 21.Rf2 f6 22.Rdf1 Rf8 23.Qe2
Ng6 24.Bh6 Rf7 25.Nf3 Bf8 26.Bxf8 Rxf8 27.h4 Qd6 28.h5 Nf4 29.Qe3 Nh3 30.Re2 Bd7
31.Nh4 Ng5 32.Nf5 Qc6 33.h6 Ne4 34.Nxe4 dxe4 35.Ng7+ Ke7 36.Qxe4 Qxe4 37.Rxe4
Kd6 38.Ref4 Ke7 39.Re1 Kd6 40.Ref1 Ke7 41.Re1 Kd6 42.Kd2 Rab8 43.Kc3 Rb5 44.Ref1
Ke7 45.Nh5 f5 46.gxf5 Rbxf5 47.Rxf5 Rxf5 48.Rxf5 exf5 49.Kxc4 Kf7 50.Nf4 Kf6
51.Kd5 Be8 52.a3 Bf7+ 53.Kc6 Kg5 54.Nd3 f4 55.d5 Bg6 56.Nf2 Bxc2 57.Kxc7 f3
58.d6 Ba4 59.d7 Bxd7 60.Kxd7 Kf4 61.b4 Ke3 62.Nh3

[Event "Aut_chT_0910"]
[Site "Baden"]
[Date "2009.11.07"]
[Round "2"]
[Board "5"]
[White "Lovrinovic, Christian"]
[Black "Froewis, Georg"]
[Result "1-0"]
[WhiteElo "2247"]
[BlackElo "2281"]
[PlyCount "103"]
[EventDate "2009.11.06"]
[EventType "team"]
[EventRounds "11"]
[EventCountry "AUT"]
[WhiteTeam "ASVOE Pamhagen"]
[BlackTeam "SK Hohenems"]

1.d4 d5 2.c4 e6 3.cxd5 exd5 4.Nc3 c6 5.Bf4 Bd6 6.Bg3 Nf6 7.e3 Bf5 8.Bd3 Bxd3
9.Qxd3 Bxg3 10.hxg3 Qe7 11.a3 a5 12.Nf3 Nbd7 13.Nd2 h6 14.Rc1 O-O 15.Na4 Ne4
16.Nxe4 dxe4 17.Qc2 Rfe8 18.Rh5 Nf6 19.Re5 Qc7 20.Rc5 Nd7 21.Rh5 Nf6 22.Rc5 Nd7
23.Rh5 Kh7 24.Nc5 Nf6 25.Rh4 Qe7 26.Qb3 g5 27.Rh1 Rab8 28.Qd1 Kg7 29.Nb3 Qc7
30.Qc2 Rbd8 31.Nc5 Rd5 32.Qb3 Re7 33.Na4 Qd8 34.Rc5 Rxc5 35.Nxc5 Qc7 36.Na4 Rd7
37.Qb6 c5 38.Qxc5 Qd8 39.Nc3 Nd5 40.Nxd5 Rxd5 41.Qc2 Qb6 42.Kd2 Rd6 43.Rb1 Re6
44.Ke1 Qb5 45.Rd1 Rc6 46.Qd2 Qd5 47.Rc1 Rxc1+ 48.Qxc1 Kf6 49.Qc7 Qb5 50.Qd6+ Kf5
51.Qxh6 f6 52.Qh7+

[Event "Aut_chT_0910"]
[Site "Baden"]
[Date "2009.11.07"]
[Round "2"]
[Board "6"]
[White "Atlas, Dimitry"]
[Black "Bozinovic, Boban"]
[Result "1-0"]
[WhiteElo "2328"]
[BlackElo "2086"]
[PlyCount "57"]
[EventDate "2009.11.06"]
[EventType "team"]
[EventRounds "11"]
[EventCountry "AUT"]
[WhiteTeam "SK Hohenems"]
[BlackTeam "ASVOE Pamhagen"]

1.e4 e6 2.d4 d5 3.e5 c5 4.c3 Nc6 5.Nf3 cxd4 6.cxd4 Bb4+ 7.Nc3 a6 8.Bd3 Bd7 9.O-O
Qb6 10.Be3 Bxc3 11.bxc3 Nge7 12.c4 Qc7 13.Rc1 dxc4 14.Rxc4 Nd5 15.Ng5 Qd8 16.Ne4
O-O 17.Qh5 g6 18.Qh6 f5 19.exf6 Nxf6 20.Bg5 b5 21.Rc5 Nb4 22.Nxf6+ Rxf6 23.Be4
Ra7 24.Qh4 Kg7 25.a3 Nd5 26.Bxd5 exd5 27.Rxd5 Qe7 28.Re5 Qd6 29.Bxf6+

[Event "Aut_chT_0910"]
[Site "Baden"]
[Date "2009.11.07"]
[Round "2"]
[Board "1"]
[White "Polzin, Rainer"]
[Black "Gyimesi, Zoltan"]
[Result "1/2-1/2"]
[WhiteElo "2473"]
[BlackElo "2586"]
[PlyCount "50"]
[EventDate "2009.11.06"]
[EventType "team"]
[EventRounds "11"]
[EventCountry "AUT"]
[WhiteTeam "ASVOE Wulkaprodersdorf"]
[BlackTeam "Sparkasse Jenbach"]

1.e4 e5 2.Nf3 Nc6 3.Bb5 a6 4.Ba4 Nf6 5.O-O Be7 6.Re1 b5 7.Bb3 d6 8.c3 O-O 9.d4
Bg4 10.Be3 exd4 11.cxd4 d5 12.e5 Ne4 13.h3 Bh5 14.Nc3 Nxc3 15.bxc3 Qd7 16.Bc2
Nd8 17.a4 Ne6 18.Bf5 Bg6 19.g4 Rfb8 20.Qd3 bxa4 21.h4 Qb5 22.Qc2 Qb3 23.Qd3 Qb5
24.Qc2 Qb3 25.Qd3 Qb5

[Event "Aut_chT_0910"]
[Site "Baden"]
[Date "2009.11.07"]
[Round "2"]
[Board "2"]
[White "Schlosser, Philipp"]
[Black "Schneider, Ilja"]
[Result "1-0"]
[WhiteElo "2557"]
[BlackElo "2497"]
[PlyCount "63"]
[EventDate "2009.11.06"]
[EventType "team"]
[EventRounds "11"]
[EventCountry "AUT"]
[WhiteTeam "Sparkasse Jenbach"]
[BlackTeam "ASVOE Wulkaprodersdorf"]

1.d4 Nf6 2.c4 e6 3.Nc3 c5 4.Nf3 cxd4 5.Nxd4 Nc6 6.a3 Nxd4 7.Qxd4 b6 8.Qf4 Bb7
9.e4 d6 10.Bd3 Be7 11.Qg3 O-O 12.Bh6 Ne8 13.O-O Kh8 14.Bf4 Nf6 15.Qh3 g6 16.Rad1
Qc7 17.Kh1 a6 18.Bh6 Rfd8 19.f4 d5 20.cxd5 exd5 21.exd5 Nxd5 22.Ne4 Qd7 23.f5
Nb4 24.Be2 Nd5 25.Bg4 Qa4 26.Ng5 Bxg5 27.Bxg5 h5 28.Bxh5 gxh5 29.Qxh5+ Kg8
30.Bxd8 Rxd8 31.Qg5+ Kh7 32.f6

[Event "Aut_chT_0910"]
[Site "Baden"]
[Date "2009.11.07"]
[Round "2"]
[Board "3"]
[White "Likavsky, Tomas"]
[Black "Acs, Peter"]
[Result "0-1"]
[WhiteElo "2476"]
[BlackElo "2538"]
[PlyCount "84"]
[EventDate "2009.11.06"]
[EventType "team"]
[EventRounds "11"]
[EventCountry "AUT"]
[WhiteTeam "ASVOE Wulkaprodersdorf"]
[BlackTeam "Sparkasse Jenbach"]

1.d4 d5 2.c4 c6 3.Nf3 Nf6 4.e3 Bg4 5.Nc3 e6 6.h3 Bxf3 7.Qxf3 Nbd7 8.Bd3 Bb4
9.O-O O-O 10.Bd2 Re8 11.Qd1 Bd6 12.c5 Bc7 13.f4 Kh8 14.b4 a6 15.Qc2 Qe7 16.Ne2
Rg8 17.g3 h6 18.Kh1 Ne8 19.a4 f5 20.b5 Ndf6 21.bxc6 bxc6 22.Rab1 g5 23.Rb7 Nh5
24.Rg1 gxf4 25.exf4 a5 26.Qc1 Nhf6 27.Qf1 Qf7 28.Qf3 Ne4 29.Be1 N8f6 30.Bc2 Rgb8
31.Rb3 Rxb3 32.Bxb3 Rb8 33.Nc1 Qh5 34.Kg2 Qg6 35.Kf1 h5 36.h4 Ng4 37.Ke2 Nh2
38.Qg2 Ng4 39.Kd3 Qg7 40.Qe2 Bd8 41.Qa2 Bf6 42.Ne2 Qb7

[Event "Aut_chT_0910"]
[Site "Baden"]
[Date "2009.11.07"]
[Round "2"]
[Board "4"]
[White "Boensch, Uwe"]
[Black "Schweda, Roland"]
[Result "1-0"]
[WhiteElo "2511"]
[BlackElo "2432"]
[PlyCount "53"]
[EventDate "2009.11.06"]
[EventType "team"]
[EventRounds "11"]
[EventCountry "AUT"]
[WhiteTeam "Sparkasse Jenbach"]
[BlackTeam "ASVOE Wulkaprodersdorf"]

1.d4 Nf6 2.c4 d6 3.Nc3 Nbd7 4.e4 e5 5.d5 Nc5 6.f3 a5 7.Be3 Be7 8.Qd2 h6 9.g3 Nh7
10.O-O-O f5 11.exf5 Bxf5 12.Bxc5 dxc5 13.Bd3 Bg5 14.f4 Bxd3 15.fxg5 Bxc4 16.Nf3
O-O 17.Nxe5 Ba6 18.gxh6 Rf5 19.Rhe1 gxh6 20.Ng4 Kh8 21.Nxh6 Rf3 22.Ne4 Qf8
23.Ng5 Nxg5 24.Qxg5 Qf6 25.Qh5 Kg7 26.Re6 Rc3+ 27.Kb1

[Event "Aut_chT_0910"]
[Site "Baden"]
[Date "2009.11.07"]
[Round "2"]
[Board "5"]
[White "Volkmann, Friedrich Karl"]
[Black "Lehner, Oliver"]
[Result "1/2-1/2"]
[WhiteElo "2404"]
[BlackElo "2407"]
[PlyCount "77"]
[EventDate "2009.11.06"]
[EventType "team"]
[EventRounds "11"]
[EventCountry "AUT"]
[WhiteTeam "ASVOE Wulkaprodersdorf"]
[BlackTeam "Sparkasse Jenbach"]

1.e4 c5 2.Nf3 d6 3.d4 cxd4 4.Nxd4 Nf6 5.Nc3 a6 6.Be2 e5 7.Nb3 Be7 8.O-O O-O
9.Be3 Be6 10.a4 b6 11.f3 Nbd7 12.Rf2 h6 13.Bf1 Qc7 14.Rd2 Qb7 15.Nc1 Rfd8
16.N1a2 Nc5 17.Nb4 a5 18.Nbd5 Nxd5 19.Nxd5 Bg5 20.Bxg5 hxg5 21.Nc3 Qe7 22.Bb5 g6
23.Bc6 Rac8 24.Bd5 Kg7 25.Qe2 Nd7 26.Rad1 Nf6 27.Bxe6 fxe6 28.Qe3 g4 29.Qxb6 Rb8
30.Qxa5 gxf3 31.gxf3 Nh5 32.Rxd6 Qg5+ 33.Kh1 Nf4 34.Qa7+ Kh6 35.Qg1 Rxd6
36.Qxg5+ Kxg5 37.Rxd6 Rxb2 38.Rd2 Rb4 39.a5

[Event "Aut_chT_0910"]
[Site "Baden"]
[Date "2009.11.07"]
[Round "2"]
[Board "6"]
[White "Reich, Thomas"]
[Black "Kopinits, Anna-Christina"]
[Result "1-0"]
[WhiteElo "2359"]
[BlackElo "2213"]
[PlyCount "81"]
[EventDate "2009.11.06"]
[EventType "team"]
[EventRounds "11"]
[EventCountry "AUT"]
[WhiteTeam "Sparkasse Jenbach"]
[BlackTeam "ASVOE Wulkaprodersdorf"]

1.d4 Nf6 2.Bf4 e6 3.e3 c5 4.c3 Nc6 5.Nd2 b6 6.h3 Bb7 7.Ngf3 cxd4 8.exd4 Be7
9.Bd3 O-O 10.O-O Nd5 11.Bh2 f5 12.Qe2 a6 13.Nc4 Rf6 14.Ne3 Nc7 15.Rfe1 Bf8
16.Rad1 Ne7 17.c4 d5 18.b3 Nc8 19.Be5 Rf7 20.Qc2 Nd6 21.c5 bxc5 22.dxc5 Ndb5
23.a4 Na7 24.Nd4 Nc6 25.Nxc6 Bxc6 26.b4 Qe8 27.Ra1 g6 28.Nf1 Bg7 29.Bxg7 Rxg7
30.f4 Re7 31.Nd2 d4 32.Nc4 Nd5 33.Nd6 Nxb4 34.Qc4 Qb8 35.Rab1 a5 36.Rxe6 Bd5
37.Rxe7 Bxc4 38.Bxc4+ Kh8 39.Nf7+ Kg8 40.Ng5+ Kf8 41.Rbe1